000 00521nam a2200169 i 4500
001 104200
003 ES-MaACL
007 t|
008 051125s1979 sp ||||1| spa d
100 1 _aMiaja de la Muela, Adolfo.
_980844
245 1 0 _aDerecho Internacional Privado /
_cAdolfo Miaja de la Muela.
250 _a8ª ed.
260 _aMadrid :
_bAtlas,
_c1979.
300 _a2 v. ;
_c24 cm.
505 8 _aContiene: T.I.-- Introducción y Parte especial T.II.-- Parte especial
852 _aES-MaACL
_jL-497-8
_bR.100715
999 _c104200
_d104200